Statistics for UK General Election Leaders by Popular Vote during General Election.

Click here to take the quiz!

General Stats

  • This quiz has been taken 21 times
  • The average score is 8 of 15

Answer Stats

Party Number of Votes % of Pop. Vote Answer % Correct
Conservatives13,632,91442.3%Theresa May
89%
Conservatives14,093,00741.9%John Major
83%
Labour13,518,61743.2%Tony Blair
83%
Labour12,874,98540.0%Jeremy Corbyn
78%
Conservatives13,760,93542.2%Margater Thatcher
72%
Conservatives13,310,89149.7%Anthony Eden
56%
Labour13,096,62948.0%Harold Wilson
50%
Labour13,948,88348.8%Clement Attlee
50%
Labour11,532,51836.9%James Callaghan
50%
Labour11,560,48434.4%Neil Kinnock
44%
Conservatives13,145,12346.4%Edward Heath
44%
Conservatives13,750,87549.4%Harold Macmillan
39%
Conservatives12,002,64243.4%Sir Alec Douglas-Home
22%
Labour12,216,17243.8%Hugh Gaitskell
11%
Conservatives11,507,06140.0%Winston Churchill
6%

Score Distribution

Percentile by Number Answered

Percent of People with Each Score

Your Score History

You have not taken this quiz